000 00761nam a2200217Ia 4500
003 GCL
008 140319s9999 xx 000 0 ara d
040 _aGCL /
_cGCL
082 0 4 _a791.437
_bب ع
100 1 _aبريشل، كلاوديا (تقديم)
245 1 0 _aعلى هواها نظرة فاحصة000 أفلام تجريبية لمخرجات من النمسا /
_cبريشل، كلاوديا (تقديم)
700 1 _aسهام عبدالسلام
260 _a[S.N] :
_bصندوق التنمية الثقافية
300 _a27 ص
490 _a
650 0 4 _aالافلام السينمائية
650 0 4 _aالاخراج السينمائى
650 0 4 _aالافلام
650 0 4 _aالافلام التجريبية
942 _2ddc
_cBK
999 _c58912
_d58912